| Tag |
First Indicator |
Second Indicator |
Subfields |
| LEADER |
00000cam a2200000 4500 |
| 001 |
in00000315813 |
| 005 |
20151011051425.0 |
| 008 |
790302s1965 gw 00000 ger d |
| 010 |
|
|
|a 67082316
|
| 015 |
|
|
|a GDB66-A1-277
|
| 035 |
|
|
|a (OCoLC)04705390
|
| 035 |
|
|
|9 ABK8647AM
|
| 040 |
|
|
|a DLC
|c NRC
|d TXA
|d UtOrBLW
|
| 049 |
|
|
|a TXAM
|c [484933]
|
| 050 |
|
0 |
|a QA554
|b .L4
|
| 100 |
1 |
|
|a Lense, Josef,
|d 1890-
|
| 245 |
1 |
0 |
|a Analytische projektive Geometrie. :
|b (Vorlesungen) Mit 100 Abbildungen.
|
| 264 |
|
1 |
|a Munchen, Wien :
|b Oldenbourg,
|c 1965.
|
| 300 |
|
|
|a 303 pages
|
| 336 |
|
|
|a text
|b txt
|2 rdacontent
|
| 337 |
|
|
|a unmediated
|b n
|2 rdamedia
|
| 338 |
|
|
|a volume
|b nc
|2 rdacarrier
|
| 650 |
|
0 |
|a Geometry, Projective.
|
| 999 |
|
|
|a MARS
|
| 999 |
f |
f |
|s 6b95009c-17dd-3d1d-a34d-f3731d0170b8
|i ddef4447-1e0a-312c-a4b4-b57af443135e
|t 0
|
| 952 |
f |
f |
|p ric
|a Texas A&M University
|b Rellis Campus
|c Joint Library Facility
|d Remote Storage
|t 0
|e QA554 .L4
|h Library of Congress classification
|i unmediated -- volume
|m A14804551173
|
| 998 |
f |
f |
|a QA554 .L4
|t 0
|l Remote Storage
|